000
00238nmm a2200085Ia 4500
008
220120s9999||||xx |||||||||||||||||und||
100
_a
Garg, Vijay, K
_9
7539
245
0
_a
Principles of application of GSM
260
_a
Pearson education of asia
999
_c
139910
_d
139910